Principles of macroeconomics / (Record no. 202917)

MARC details
000 -LEADER
fixed length control field 00740nam a2200241Ia 4500
003 - CONTROL NUMBER IDENTIFIER
control field OSt
005 - DATE AND TIME OF LATEST TRANSACTION
control field 20230720102815.0
008 - FIXED-LENGTH DATA ELEMENTS--GENERAL INFORMATION
fixed length control field 210716s2007 xx 000 0 und d
020 ## - INTERNATIONAL STANDARD BOOK NUMBER
International Standard Book Number 0324423543
040 ## - CATALOGING SOURCE
Transcribing agency AIMIT LIBRARY
041 ## - LANGUAGE CODE
Language code of text/sound track or separate title eng
082 ## - DEWEY DECIMAL CLASSIFICATION NUMBER
Classification number 339
Edition number 4
Item number MANN
100 ## - MAIN ENTRY--PERSONAL NAME
Personal name Mankiw, N Gregory.
9 (RLIN) 127851
245 ## - TITLE STATEMENT
Title Principles of macroeconomics /
Statement of responsibility, etc. By N Gregory Mankiw.
250 ## - EDITION STATEMENT
Edition statement 4th ed.
260 ## - PUBLICATION, DISTRIBUTION, ETC.
Place of publication, distribution, etc. USA :
Name of publisher, distributor, etc. Thomson south western ,
Date of publication, distribution, etc. 2007.
300 ## - PHYSICAL DESCRIPTION
Extent lxiv,583p. ;
Other physical details PB
Dimensions 25.1cm.
650 ## - SUBJECT ADDED ENTRY--TOPICAL TERM
Topical term or geographic name entry element Macroeconomics and related topics(339)
9 (RLIN) 127852
651 ## - SUBJECT ADDED ENTRY--GEOGRAPHIC NAME
Geographic name Principles of economics
9 (RLIN) 127853
651 ## - SUBJECT ADDED ENTRY--GEOGRAPHIC NAME
Geographic name Thinking like an economist
9 (RLIN) 127854
651 ## - SUBJECT ADDED ENTRY--GEOGRAPHIC NAME
Geographic name Markets and welfare
9 (RLIN) 127855
942 ## - ADDED ENTRY ELEMENTS (KOHA)
Source of classification or shelving scheme Dewey Decimal Classification
Koha item type Book
Edition 4th
Call number prefix 339 MANN
Holdings
Withdrawn status Lost status Source of classification or shelving scheme Damaged status Not for loan Collection code Home library Current library Date acquired Inventory number Total Checkouts Full call number Barcode Date last seen Price effective from Koha item type
    Dewey Decimal Classification     MBA St Aloysius Institute of Management & Information Technology St Aloysius Institute of Management & Information Technology 07/16/2021 Bill no:; Bill dt:1900-01-00   339 MANN MBA05483 05/23/2026 07/16/2021 Book